The Cambridge English Course 3 / (Record no. 149075)

MARC details
000 -LEADER
campo de control de longitud fija 00776nam a2200229 i 4500
001 - NÚMERO DE CONTROL
campo de control 149075
003 - IDENTIFICADOR DE NÚMERO DE CONTROL
campo de control ES-MaACL
005 - FECHA Y HORA DE LA ÚLTIMA TRANSACCIÓN
campo de control 20230906202934.0
007 - CAMPO FIJO DE DESCRIPCIÓN FÍSICA--INFORMACIÓN GENERAL
campo de control de longitud fija t|
008 - DATOS DE LONGITUD FIJA--INFORMACIÓN GENERAL
campo de control de longitud fija 070214s1987 xxk r ||||1| eng d
100 1# - ENTRADA PRINCIPAL--NOMBRE DE PERSONA
Nombre de persona Swan, Michael.
9 (RLIN) 108918
245 14 - MENCIÓN DEL TÍTULO
Título The Cambridge English Course 3 /
Mención de responsabilidad, etc. Michael Swan and Catherine Walter.
260 ## - PUBLICACIÓN, DISTRIBUCIÓN, ETC.
Lugar de publicación, distribución, etc. Cambridge [etc.] :
Nombre del editor, distribuidor, etc. Cambridge University Press,
Fecha de publicación, distribución, etc. 1987.
300 ## - DESCRIPCIÓN FÍSICA
Extensión 2 v. :
Otras características físicas il. ;
Dimensiones 25 cm +
Material acompañante/anejo 4 audiocasetes.
500 ## - NOTA GENERAL
Nota general Contiene: I . Student's book 3 ----- II . Practice book 3.
650 04 - PUNTO DE ACCESO ADICIONAL DE MATERIA--TÉRMINO DE MATERIA
Término de materia o nombre geográfico como elemento de entrada Lengua inglesa-
Subdivisión de forma Métodos.
9 (RLIN) 14282
700 1# - ENTRADA AGREGADA--NOMBRE PERSONAL
Nombre de persona Walter, Catherine.
9 (RLIN) 116003
710 2# - ENTRADA AGREGADA--NOMBRE DE ENTIDAD CORPORATIVA
Nombre de entidad corporativa o nombre de jurisdicción como elemento de entrada University of Cambridge.
9 (RLIN) 7505
740 0# - ENTRADA AGREGADA--TÍTULO RELACIONADO/ANALÍTICO NO CONTROLADO
Título relacionado o analítico no controlado Student's book 3.
740 0# - ENTRADA AGREGADA--TÍTULO RELACIONADO/ANALÍTICO NO CONTROLADO
Título relacionado o analítico no controlado Practice book 3.
852 ## - LOCALIZACIÓN
Ubicación ES-MaACL
Número de control de estantería P-571
Sublocalización o colección R.114762
Holdings
Estatus retirado Estado de pérdida Estado de daño No para préstamo Biblioteca de origen Biblioteca actual Ubicación en estantería Fecha de adquisición Fuente de adquisición Total de préstamos Signatura topográfica completa Código de barras Visto por última vez Precio de reemplazo Tipo de ítem Koha
        Biblioteca del Ateneo de Madrid Biblioteca del Ateneo de Madrid Depósito 2 17/01/2008     P-571 1155564 23/02/2023 23/02/2023 Libro impreso